| 000 | 00959nam a22003137a 4500 | ||
|---|---|---|---|
| 001 | 2052 | ||
| 005 | 20250825134612.0 | ||
| 020 | _a9780439889919 | ||
| 040 |
_aFISKH _beng _cFISKH _dFISKH |
||
| 050 | _aQL737.C27 | ||
| 082 | _a599.78 | ||
| 100 | _aHelbrough, Emma | ||
| 245 |
_aBears / _cUsborne Beginners |
||
| 250 | _aFirst Scholastic printing, December 2006 | ||
| 260 |
_aNew York : _bScholastic, _c2006 |
||
| 300 |
_a32 pages : _c20 cm |
||
| 505 | _aM | ||
| 520 | _aWhat do bears eat? Where do they live? Can they swim? In this book you'll find the answers and lots more about the fascinating world of bears. | ||
| 521 |
_a560
_bLexile |
||
| 521 |
_aM
_bRaz-Plus |
||
| 650 | _2animals | ||
| 650 | _2bear | ||
| 650 | _2polar bear | ||
| 700 |
_aLawrence, Michelle _cCo-designer |
||
| 700 |
_aThompson, Joseph _cCo-designer |
||
| 700 |
_aKushii, Tetsuo _cCo-illustrator |
||
| 700 |
_aLarkum, Adam _cCo-illustrator |
||
| 942 |
_2lcc _cBK _n0 |
||
| 999 |
_c2052 _d2052 |
||